Normal view MARC view
  • Gerald A. Walker

Entry Personal Name

Number of records used in: 1

001 - CONTROL NUMBER

  • control field: 103499

003 - CONTROL NUMBER IDENTIFIER

  • control field: NUST

005 - DATE AND TIME OF LATEST TRANSACTION

  • control field: 20221124131715.0

008 - FIXED-LENGTH DATA ELEMENTS

  • fixed length control field: 221124|| aca||aabn | a|a d

040 ## - CATALOGING SOURCE

  • Original cataloging agency: NUST
  • Transcribing agency: NUST

100 ## - HEADING--PERSONAL NAME

  • Personal name: Gerald A. Walker

670 ## - SOURCE DATA FOUND

  • Source citation: Work cat.: (NUST)194129: Gerald A. Walker, Advances in electronic circuit packaging Vol-2 /, 1962
© 2023 Central Library, National University of Sciences and Technology. All Rights Reserved.